00707nam a2200193Ia 4500003000900000008004100009020001800050040001600068080001900084110004600103245010000149260005700249300001400306650002600320650001900346942000700365999001700372952012400389IN-BaIIA211028s9999 xx 000 0 eng d a0-87891-605-9 cIIA Library a621.7:744bREA aResearch and education association918665 4aThe machine design problem solvercResearch and education association  aNew JerseybResearch and Education Associationc1993 axi, 915p. aMachine design911087 aNASA thesaurus cBK c10917d10917 00104070aBANbBANcGENd1994-02-23g994.35l0o621.7:744/ REAp11829r2021-11-05v994.35w1994-02-23yBKGRs. 994.35